00901 2200301 4500001002100000005001500021035002000036007000300056008004100059020002200100040002200122082001500144084001700159090002200176100003400198245008900232250003100321300003000352650001600382700003700398850001200435264003400447336002100481337003000502338002300532999002200555990002200577INLIS00000000086472520210916103900 a0010-0921000475ta210916s2021 yoi f 0 ind d a978-623-7212-96-6 aYOPDYOGbinderda04223a297.14 a297.14 BAC i aCB-D.11 2021-10491 aBaco, SanusicSyaikhepenulis10aIrsyadu fi bayani al-ahkam ath-thulab /cSyaikh Sanusi Baco, Mu'ammar Muhammad Bakri aCetakan pertama, Juli 2021 axii, 136 halaman ;c20 cm 4aHukum Islam0 aMu'ammar Muhammad Bakriepenulis aYOPDYOG31aBantul :bLintas Nalar,c2021 2rdacontentateks 2rdamediaatanpa perantara 2rdacarrieravolume aCB-D.11/2021-1049 aCB-D.11/2021-1049